| 000 | 00945nam a2200217Ia 4500 | ||
|---|---|---|---|
| 001 | 14671 | ||
| 003 | GE_BSU | ||
| 008 | 181216s||||||||xx |||||||||||||| ||und|| | ||
| 040 | _cGE_BSU | ||
| 080 | _a821.353.1+821.353.1-2+821.353.1-6 | ||
| 100 | _aქიაჩელი,ლეო | ||
| 245 | _aთხზულებანი 4 ტომად. ტ.4. დრამატული თხზულებანი, წერილები, პორტრეტები. 1909-1962 | ||
| 245 | _cტ. გამოსაც. მოამზ.ი.ლორთქიფანიძემ. რედ. გ. გვერდწითელი | ||
| 260 | _aთბილისი | ||
| 260 | _c1985 | ||
| 300 | _a303გვ. | ||
| 300 | _eშენიშვნები გვ.296-302 | ||
| 541 | _h5ლ. | ||
| 653 | _aდრამატული თხზულებანი, წერილები, პორტრეტები. | ||
| 942 | _cBK | ||
| 999 |
_c47797 _d47797 |
||